005940000a22001810004500060000800000082001600008100002000024100001900044245005700063260002800120260000900148300000800157490004200165650006500207942000700272999001900279952011400298 a100 a631.416 FRI aBroeshart, Hans aFried, Maurice aSoil-Plant system in relation to inorganic nutrition aNewyork, Academic press c1967 a358 aMonograph series on radiation biology aSoil plant system/ Soil science/ Inorganic nutrition- Plants cBK c357269d357269 00104070aKAUCOAVbKAUCOAVd2014-05-02l0o631.416 FRIpKAU_COAV-11012r2014-05-02 00:00:00w2014-05-02yBK